Les rapaces d’Europe(commun à tres rare) - Statistiques

Statistiques générales
  • Ce quiz a été pris 5 fois
  • Le résultat moyen est 23 sur 69
Statistiques - réponses
Hint Réponse % Correct
Rapace Aigle royal
100%
Rapace Balbuzard pecheur
100%
Rapace Buse variable
100%
Rapace Faucon pélérin
100%
Rapace Gypaete barbu
100%
Rapace Faucon crecerelle
80%
Rapace Aigle botté
60%
Rapace Autour des palombes
60%
Rapace Busard des roseaux
60%
Rapace Chouette hulotte
60%
Rapace Effraie des clochers
60%
Rapace élanion blanc
60%
Rapace épervier d’europe
60%
Rapace Grand duc d’europe
60%
Rapace Hibou moyen duc
60%
Rapace Petit duc scops
60%
Rapace Vautour fauve
60%
Rapace Vautour percnoptere
60%
Rapace Aigle criard
40%
Rapace Aigle des steppes
40%
Rapace Aigle pomarin
40%
Rapace Bondrée apivore
40%
Rapace Busard Saint martin
40%
Rapace Cheveche d’athena
40%
Rapace Chouette lapone
40%
Rapace Circaete Jean le blanc
40%
Rapace Faucon crecerellette
40%
Rapace Faucon hobereau
40%
Rapace Faucon kobez
40%
Rapace Harfang des neiges
40%
Rapace Hibou des marais
40%
Rapace Milan royal
40%
Rapace Vautour moine
40%
Rapace Vautour oricou
40%
Rapace Aigle de Bonelli
20%
Rapace Aigle ravisseur
20%
Rapace Bateleur des savannes
20%
Rapace Busard cendré
20%
Rapace Busard pale
20%
Rapace Buse des steppes
20%
Rapace Buse feroce
20%
Rapace Buse pattue
20%
Rapace Chouette de l’oural
20%
Rapace Chouette de tengmalm
20%
Rapace Chouette epervière
20%
Rapace Faucon gerfaut
20%
Rapace Faucon lanier
20%
Rapace Faucon sacre
20%
Rapace Milan noir
20%
Rapace Pygargue a queue blanche
20%
Rapace Pygargue de steller
20%
Rapace Aigle iberique
0%
Rapace Aigle imperial
0%
Rapace Autour d’amerique
0%
Rapace Bondrée orientale
0%
Rapace Busard d’amerique
0%
Rapace Chevechette d’europe
0%
Rapace Crecerelle d’amerique
0%
Rapace épervier à pieds courts
0%
Rapace Faucon concolore
0%
Rapace Faucon de barbarie
0%
Rapace Faucon de l’amour
0%
Rapace Faucon d’éléonore
0%
Rapace Grand duc ascalaphe
0%
Rapace Milan à queue fourchue
0%
Rapace Pygargue de pallas
0%
Rapace Vautour africain
0%
Rapace Vautour charognard
0%
Rapace Vautour de rupell
0%
Aucun quiz correspondant
Distribution des résultats
% des personnes avec chaque résultat
Percentile par nombre de réponses
Votre historique - résultats
Vous n’avez pas pris ce quiz